000 01730cam a22002898i 4500
942 _cBK
999 _c677
_d677
001 21648705
003 OSt
005 20250420134821.0
008 200731s2020 flu b 001 0 eng
010 _a 2020034978
020 _a9780367206925
_q(paperback)
040 _aDLC
_beng
_erda
_cKCST
042 _apcc
050 0 0 _aQA95
_b.W645 2020
082 0 0 _a793.74
_223
_bWi Ma
100 1 _aWinkler, P.
_q(Peter),
_d1946-
_eauthor.
_95289
245 1 0 _aMathematical puzzles /
_cPeter Winkler ; Illustrations by Jess Johnson.
250 _aFirst edition.
260 1 _aBoca Raton :
_bAK Peters/CRC Press,
_c2021.
300 _a410 pages cm
504 _aIncludes bibliographical references and index.
520 _a"Research in mathematics is much more than solving puzzles, but most people will agree that solving puzzles is not just fun: it helps focus the mind and increase one's armory of techniques for doing mathematics. Mathematical Puzzles will, for the first time, make the connection explicit by isolating important mathematical methods, then using them to solve puzzles and prove a theorem. Features A collection of the world's best mathematical puzzles Each chapter features a technique for solving mathematical puzzles, examples, and finally a genuine theorem of mathematics that features that technique in its proof Puzzles that are entertaining, mystifying, paradoxical, and satisfying; they are not just exercises or contest problems"--
_cProvided by publisher.
650 0 _aMathematical recreations.
_95290
776 0 8 _iOnline version:
_aWinkler, P. (Peter), 1946-
_tMathematical puzzles
_bFirst edition.
_dBoca Raton : AK Peters/CRC Press, 2020.
_z9780429262913
_w(DLC) 2020034979
942 _2ddc